Získanie kapitálu verejnou emisiou

Získanie kapitálu formou prvej verejnej emisie. Burza cenných papierov v Bratislave a verejná emisia. Varšavská burza. Viedenská burza.

Saved in:
Bibliographic Details
Main Author: Polednáková, Anna, 1957-
Format: Book Chapter
Language:Slovak
Subjects:
Tags: Add Tag
No Tags, Be the first to tag this record!

MARC

LEADER 00000naa$a2200000$$$4500
001 0145423
005 20240502072622.0
041 0 |a slo 
044 |a SK 
245 1 0 |a Získanie kapitálu verejnou emisiou  |c Anna Polednáková 
520 |a Získanie kapitálu formou prvej verejnej emisie. Burza cenných papierov v Bratislave a verejná emisia. Varšavská burza. Viedenská burza. 
610 2 0 |a emisia 
610 2 0 |a kapitál 
610 2 0 |a akcie 
610 2 0 |a burzy cenných papierov 
610 2 0 |a Slovensko 
610 2 0 |a Rakúsko 
610 2 0 |a Poľsko 
100 1 |a Polednáková, Anna, 1957-